[Event "Mechanics' Summer TNM; 30/90, SD/30"]
[Site "San Francisco"]
[Date "2013.06.04"]
[Round "2.3"]
[White "Ochoa, Jason"]
[Black "Thornally, Frank"]
[Result "0-1"]
[WhiteElo "1911"]
[BlackElo "2200"]
[PlyCount "50"]
[EventDate "2013.??.??"]

1. c4 e5 2. g3 Nf6 3. Bg2 d5 4. cxd5 Nxd5 5. Nf3 Nc6 6. O-O Nb6 7. b3 Be7 8.
Bb2 Bf6 9. Nc3 Bf5 10. d3 Nd4 11. Nxd4 exd4 12. Ne4 Bxe4 13. Bxe4 c6 14. e3 O-O
15. Qh5 g6 16. Qf3 Bg7 17. g4 f5 18. gxf5 gxf5 19. Qg2 fxe4 20. Bxd4 Qd7 21.
Kh1 exd3 22. Rg1 Rf7 23. Bxg7 Rxg7 24. Qf3 Rf8 25. Rxg7+ Qxg7 0-1

[Event "Mechanics' Winter TNM; 30/90, SD/30"]
[Site "San Francisco"]
[Date "2013.02.05"]
[Round "5.10"]
[White "Ochoa, Jason"]
[Black "Traub, Igor"]
[Result "1-0"]
[WhiteElo "1913"]
[BlackElo "2112"]
[PlyCount "61"]
[EventDate "2013.??.??"]

1. c4 e5 2. g3 Nc6 3. Bg2 g6 4. Nc3 Bg7 5. e4 d6 6. d3 Nge7 7. Nge2 h5 8. O-O
h4 9. Nd5 Nxd5 10. cxd5 Ne7 11. Bg5 hxg3 12. fxg3 Bg4 13. Qd2 Qd7 14. Rf2 f5
15. Rc1 Bh3 16. Qc3 Bxg2 17. Rxg2 Rc8 18. Nf4 c5 $2 19. Bxe7 Kf7 20. Nxg6 Kxg6
21. exf5+ Qxf5 22. Rf1 Qd7 23. Bh4 e4 $2 24. Bf6 Rce8 25. dxe4 Rxe4 26. Qc2 Qa4
27. b3 Qe8 28. Re2 Bxf6 29. Rxe4 Qd7 30. Rg4+ Kf7 31. Qg6+ 1-0

[Event "Mechanics' Spring TNM; 30/90, SD/30"]
[Site "San Francisco"]
[Date "2013.03.19"]
[Round "1.21"]
[White "Olson, David"]
[Black "Anderson, Michael"]
[Result "0-1"]
[WhiteElo "1519"]
[BlackElo "1953"]
[PlyCount "40"]
[EventDate "2013.??.??"]

1. e4 c5 2. Bc4 e6 3. Nc3 a6 4. a4 b6 5. Nf3 Bb7 6. O-O Qc7 7. d4 cxd4 8. Qxd4
Nc6 9. Qd1 h5 10. Bg5 Nf6 11. Qe2 Ng4 12. Bh4 Nd4 13. Bg3 Nxe2+ 14. Bxe2 Bd6
15. Bh4 Nxh2 16. Rfd1 Nxf3+ 17. Bxf3 Be5 18. Rd3 f6 19. Rad1 g5 20. Rxd7 Qxd7
0-1

[Event "Mechanics' Fall TNM; 30/90, SD/30"]
[Site "San Francisco"]
[Date "2013.10.22"]
[Round "1.13"]
[White "Olson, David"]
[Black "Anderson, Michael"]
[Result "0-1"]
[WhiteElo "1447"]
[BlackElo "1936"]
[PlyCount "68"]
[EventDate "2013.??.??"]

1. e4 c5 2. Nf3 e6 3. Nc3 a6 4. a4 b6 5. b3 Bb7 6. Be2 d6 7. O-O Nd7 8. Bb2
Ngf6 9. d3 Be7 10. Qd2 O-O 11. Rfe1 Rc8 12. Bf1 Ng4 13. h3 Nge5 14. Nh2 d5 15.
f4 Ng6 16. e5 Bh4 17. Re2 Bg3 18. Nf3 Nxf4 19. Re3 d4 20. Nxd4 cxd4 21. Rxg3
dxc3 22. Bxc3 Ng6 23. Bb4 Re8 24. d4 a5 25. Bd6 Nf6 26. Qe1 Ne4 27. Bb5 Nxg3
28. Qxg3 Rxc2 29. Kf1 Bxg2+ 30. Ke1 Bc6 31. Qd3 Qh4+ 32. Kd1 Be4 33. Qe3 Rec8
34. Bc4 Qf4 0-1

[Event "Mechanics' Spring TNM; 30/90, SD/30"]
[Site "San Francisco"]
[Date "2013.04.23"]
[Round "6.36"]
[White "Olson, David"]
[Black "Campers, Willie"]
[Result "0-1"]
[WhiteElo "1519"]
[BlackElo "1661"]
[PlyCount "116"]
[EventDate "2013.??.??"]

1. e4 e6 2. Bc4 c6 3. a4 d5 4. exd5 exd5 5. Ba2 Nf6 6. Nf3 Bg4 7. O-O Bd6 8. d3
Bc7 9. Re1+ Kf8 10. b4 Kg8 11. Bg5 Qd6 12. g3 Nbd7 13. Bf4 Qxb4 14. Bxc7 h5 15.
c3 Qb2 16. Nbd2 Qxc3 17. Re3 h4 18. Rc1 Qa3 19. Qc2 hxg3 20. Bxg3 Nh5 21. d4
Qf8 22. Ne5 Nxe5 23. Bxe5 Rh6 24. Nf3 Rg6 25. Kh1 Qd8 26. Rg1 Qd7 27. Nh4 Rh6
28. f3 Bh3 29. Bb1 Re8 30. Nf5 Bxf5 31. Qxf5 Qxf5 32. Bxf5 Kf8 33. Rge1 Kg8 34.
Kg2 f6 35. Bd6 Rxe3 36. Rxe3 g6 37. Bc8 Ng7 38. Bc5 b6 39. Bb4 Rh4 40. Bc3 c5
41. dxc5 bxc5 42. Bxf6 Rxa4 43. Rc3 c4 44. Bb7 Kf7 45. Bd4 Ra5 46. Kg3 $4 Nf5+
47. Kf4 Nxd4 48. Ke5 Nb5 $2 (48... Ne2 $1 $19 49. Rc2 d4+ 50. Kd6 d3 51. Rd2 c3
52. Rxd3 c2 $19) 49. Bxd5+ Ke7 50. Rxc4 Ra2 51. Rc7+ Nxc7 52. Bxa2 a5 $11 53.
h4 a4 54. f4 Nb5 55. f5 gxf5 56. Kxf5 Nc3 57. Bc4 Kf8 58. Kg6 Ne4 {
Black won on time in a completely drawn position.} 0-1

[Event "Mechanics' Winter TNM; 30/90, SD/30"]
[Site "San Francisco"]
[Date "2013.01.22"]
[Round "3.21"]
[White "Olson, David"]
[Black "Cendejas, Juan"]
[Result "1-0"]
[WhiteElo "1541"]
[BlackElo "1849"]
[PlyCount "42"]
[EventDate "2013.??.??"]

1. Nf3 g6 2. c4 Bg7 3. g3 b6 4. Bg2 Bb7 5. d4 d5 6. b3 c5 7. Na3 dxc4 8. Nxc4
cxd4 9. Bb2 e5 10. O-O Nd7 11. Nd6+ Kf8 12. Nxb7 Qc7 13. Nd2 f5 14. Rc1 Nc5 15.
b4 Rc8 16. bxc5 e4 17. Nd6 Rd8 18. Ba3 Ne7 19. cxb6 Qxb6 20. Nc8 Rxc8 21. Rxc8+
Kf7 1-0

[Event "Mechanics' Neil Falconer TNM; 30/90, SD"]
[Site "San Francisco"]
[Date "2013.10.01"]
[Round "9.24"]
[White "Olson, David"]
[Black "Cole, Tony"]
[Result "0-1"]
[WhiteElo "1447"]
[BlackElo "1400"]
[PlyCount "64"]
[EventDate "2013.??.??"]

1. e4 Nc6 2. d4 d5 3. e5 Bf5 4. Nf3 h6 5. Bb5 Qd7 6. O-O a6 7. Bd3 Bg4 8. c4
Nxd4 9. cxd5 Bxf3 10. gxf3 Qh3 11. Be4 Nf5 12. Bxf5 Qxf5 13. Re1 O-O-O 14. Re4
c6 15. Rc4 Qxe5 16. Nc3 e6 17. Bf4 Qf6 18. d6 e5 19. Bg3 Bxd6 20. Ne4 Qg6 21.
Qb3 Ne7 22. Rac1 f5 23. Nxd6+ Rxd6 24. f4 exf4 25. Rxf4 Rhd8 26. Kh1 Qg5 27.
Rfc4 Rd4 28. Rc5 R8d5 29. Rxd5 Qxc1+ 30. Kg2 Rxd5 31. Qf3 Qg5 32. Qe2 f4 0-1

[Event "Mechanics' Winter TNM; 30/90, SD/30"]
[Site "San Francisco"]
[Date "2013.02.12"]
[Round "6.23"]
[White "Olson, David"]
[Black "Delmonico, Nils"]
[Result "0-1"]
[WhiteElo "1541"]
[BlackElo "1922"]
[PlyCount "40"]
[EventDate "2013.??.??"]

1. e4 e6 2. Bc4 d5 3. exd5 exd5 4. Qe2+ Be7 5. Bb3 Nf6 6. Nf3 O-O 7. O-O Nc6 8.
a3 Bg4 9. c3 Re8 10. h3 Bh5 11. g4 Bd6 12. Qd1 Nxg4 13. hxg4 Bxg4 14. d4 Qf6
15. Bxd5 Qg6 16. Bxf7+ Qxf7 17. Ng5 Qh5 18. Qb3+ Be6 19. Re1 Bxb3 20. Rxe8+
Rxe8 0-1

[Event "Mechanics' Winter TNM; 30/90, SD/30"]
[Site "San Francisco"]
[Date "2013.02.26"]
[Round "8.23"]
[White "Olson, David"]
[Black "Flores, David"]
[Result "0-1"]
[WhiteElo "1541"]
[BlackElo "1695"]
[Annotator "Donaldson"]
[PlyCount "56"]
[EventDate "2013.??.??"]

1. d4 Nf6 2. c4 c5 3. Nf3 e6 4. g3 Be7 5. Bg2 O-O 6. Nc3 d5 7. b3 (7. cxd5)
7... Ne4 8. Bb2 Qb6 9. Na4 Qa5+ 10. Nd2 f5 11. f3 Qxd2+ 12. Qxd2 Nxd2 13. Kxd2
Nd7 14. f4 Bf6 15. e3 dxc4 16. d5 Bxb2 17. Nxb2 cxb3 18. axb3 Nf6 19. dxe6 Bxe6
20. Bxb7 Rab8 21. Rxa7 Rf7 22. Ra6 Rd7+ 23. Kc2 Bxb3+ 24. Kxb3 Rdxb7+ 25. Kc4
Rxb2 26. Kxc5 Rc8+ 27. Kd6 Rb5 28. Rha1 Rd5+ 0-1

[Event "Mechanics' Spring TNM; 30/90, SD/30"]
[Site "San Francisco"]
[Date "2013.04.16"]
[Round "5.32"]
[White "Olson, David"]
[Black "Flores, David"]
[Result "0-1"]
[WhiteElo "1519"]
[BlackElo "1695"]
[PlyCount "34"]
[EventDate "2013.??.??"]

1. e4 e5 2. Bc4 Nf6 3. Nc3 Bc5 4. h3 O-O 5. Nf3 Nc6 6. O-O d6 7. a3 a5 8. d3
Ne7 9. Bg5 Ng6 10. Nd5 Be6 11. c3 c6 12. Nxf6+ gxf6 13. Bh6 Kh8 14. Bxf8 Qxf8
15. g4 Qh6 16. Kg2 Nf4+ 17. Kg1 Qxh3 0-1

[Event "Mechanics' Summer TNM; 30/90, SD/30"]
[Site "San Francisco"]
[Date "2013.06.18"]
[Round "4.23"]
[White "Olson, David"]
[Black "Grey, Peter"]
[Result "0-1"]
[WhiteElo "1519"]
[BlackElo "2000"]
[PlyCount "56"]
[EventDate "2013.??.??"]

1. e4 e5 2. Bc4 Nf6 3. d3 c6 4. Nc3 Bb4 5. a3 Ba5 6. b4 Bb6 7. Be3 d6 8. Bxb6
Qxb6 9. Na4 Qc7 10. Nc3 O-O 11. Nge2 Be6 12. Bb3 d5 13. Ng3 Nbd7 14. Qd2 Rfe8
15. O-O-O a5 16. b5 d4 17. Bxe6 dxc3 18. Bxf7+ Kxf7 19. Qxc3 Rac8 20. Nf5 Re6
21. Qb3 Nc5 22. Qc4 cxb5 23. Qa2 Kf8 24. Rd2 b4 25. axb4 axb4 26. Qc4 Qa5 27.
Rdd1 b5 $2 28. d4 bxc4 0-1

[Event "Mechanics' Summer TNM; 30/90, SD/30"]
[Site "San Francisco"]
[Date "2013.06.04"]
[Round "2.18"]
[White "Olson, David"]
[Black "Handigol, Abhishek"]
[Result "0-1"]
[WhiteElo "1519"]
[BlackElo "2002"]
[PlyCount "44"]
[EventDate "2013.??.??"]

1. e4 e5 2. Bc4 c6 3. Qf3 Nf6 4. Nh3 d5 5. exd5 cxd5 6. Bb3 Bc5 7. d3 h6 8. O-O
O-O 9. Nc3 Be6 10. Re1 Nc6 11. Bd2 Qd7 12. Bxh6 Nd4 13. Qg3 Nf5 14. Qg5 Nxh6
15. Rxe5 Bd6 16. Re2 Bxh3 17. gxh3 Qxh3 18. f4 Bc5+ 19. Kh1 Nhg4 20. Nxd5 Qf3+
21. Rg2 Nf2+ 22. Kg1 Nh3+ 0-1

[Event "Mechanics' Neil Falconer TNM; 30/90, SD"]
[Site "San Francisco"]
[Date "2013.09.17"]
[Round "7.25"]
[White "Olson, David"]
[Black "Harris, Clarence"]
[Result "1-0"]
[WhiteElo "1447"]
[BlackElo "1314"]
[PlyCount "131"]
[EventDate "2013.??.??"]

1. e4 e5 2. Bc4 Nf6 3. Nc3 Nc6 4. a3 Be7 5. Nf3 O-O 6. O-O d6 7. d4 Bg4 8. Be3
exd4 9. Bxd4 Bxf3 10. gxf3 Ne5 11. Ba2 c6 12. Kh1 Nh5 13. Be3 Bg5 14. Rg1 Bf4
15. Bxf4 Nxf4 16. Qd2 Qh4 17. Rg3 Nh5 18. Qg5 Nxg3+ 19. Qxg3 Qxg3 20. hxg3 Nxf3
21. Kg2 Ne5 22. f4 Ng6 23. Kf3 Rad8 24. b4 b5 25. Ne2 Ne7 26. Nd4 d5 27. e5 g6
28. g4 Rc8 29. Rc1 a6 30. Nb3 f5 31. g5 Kg7 32. Rh1 Ng8 33. Nc5 Rfe8 34. Nd7 h5
35. c3 Rc7 36. Nc5 Kh8 37. Re1 Rh7 38. e6 Ne7 39. Nd7 Ra8 40. Nf6 Rg7 41. Ke3
a5 42. Bb1 axb4 43. axb4 d4+ 44. Kxd4 Ra1 45. Kc5 Ra3 46. Re3 Ra1 47. Re1 Ra3
48. Kd4 Ra8 49. Bd3 Ra2 50. Kc5 Rd2 51. Bxb5 cxb5 52. Kxb5 Rd3 53. c4 Rd4 54.
c5 Rxf4 55. c6 h4 56. Kc5 h3 57. b5 h2 58. c7 Rh4 59. Rh1 Nc8 60. b6 Re7 61.
Nd5 Rhh7 62. Nxe7 Rxe7 63. Rxh2+ Kg7 64. Rd2 Nxb6 65. Kxb6 Rxe6+ 66. Kc5 1-0

[Event "Mechanics' Fall TNM; 30/90, SD/30"]
[Site "San Francisco"]
[Date "2013.12.10"]
[Round "8.33"]
[White "Olson, David"]
[Black "Kadri, Barbara"]
[Result "0-1"]
[WhiteElo "1447"]
[BlackElo "705"]
[PlyCount "52"]
[EventDate "2013.??.??"]

{David Olson won the tournament game in a handful of moves (score unavailable)
and Kadri won this practice (non-rated effort).} 1. e4 e5 2. Bc4 Nf6 3. Nc3 Nc6
4. a3 Bd6 5. Nf3 O-O 6. O-O b6 7. d4 exd4 8. Nxd4 Ne5 9. Be2 Bb7 10. f4 Nc6 11.
e5 Nxd4 12. exd6 Nxe2+ 13. Nxe2 cxd6 14. b4 Qc7 15. Bb2 Qc6 16. Rf2 Ng4 17. Qd4
f6 18. Rf3 Rfe8 19. Ng3 Qxc2 20. Rc1 Qa4 21. Rfc3 Rac8 22. Rxc8 Rxc8 23. Re1
Qc6 24. Qe4 Qxe4 25. Nxe4 Re8 26. Nxf6+ Nxf6 0-1

[Event "Mechanics' Neil Falconer TNM; 30/90, SD"]
[Site "San Francisco"]
[Date "2013.08.27"]
[Round "4.24"]
[White "Olson, David"]
[Black "Morgan, Jerry"]
[Result "1-0"]
[WhiteElo "1447"]
[BlackElo "1579"]
[PlyCount "43"]
[EventDate "2013.??.??"]

1. e4 c6 2. d4 d5 3. e5 c5 4. Bb5+ Bd7 5. Nc3 e6 6. Nf3 Qb6 7. Be2 cxd4 8. Nxd4
Bc5 9. Be3 Qxb2 10. Ncb5 Bxb5 11. Nxb5 Bb4+ 12. Kf1 Qxe5 13. Bd4 Qg5 14. Nc7+
Kd7 15. Nxa8 Nc6 16. Bxa7 Nxa7 17. Qd4 Nc6 18. Bb5 Qd2 19. Qb6 Nge7 20. Qc7+
Ke8 21. Nb6 Qxc2 22. Qb8+ 1-0

[Event "Mechanics' Winter TNM; 30/90, SD/30"]
[Site "San Francisco"]
[Date "2013.01.29"]
[Round "4.13"]
[White "Olson, David"]
[Black "Morton, Adam"]
[Result "0-1"]
[WhiteElo "1541"]
[BlackElo "1989"]
[PlyCount "50"]
[EventDate "2013.??.??"]

1. c4 Nf6 2. Nf3 c6 3. g3 d5 4. cxd5 cxd5 5. d4 Nc6 6. Bg2 e6 7. O-O Bd6 8. Nc3
a6 9. a3 O-O 10. b4 Bd7 11. Re1 Rc8 12. e4 dxe4 13. Nxe4 Nxe4 14. Rxe4 Ne7 15.
Bb2 Nd5 16. Qd2 Be7 17. Rae1 Ba4 18. Rc1 Rxc1+ 19. Qxc1 Qc8 20. Qe1 Qc2 21. Re2
Qd1 22. Ne5 Bd6 23. Nd7 $4 Qxe1+ 24. Rxe1 Bxd7 25. f4 Rc8 0-1

[Event "Mechanics' Spring TNM; 30/90, SD/30"]
[Site "San Francisco"]
[Date "2013.04.02"]
[Round "3.38"]
[White "Olson, David"]
[Black "Otterbach, Renate"]
[Result "1-0"]
[WhiteElo "1519"]
[BlackElo "899"]
[PlyCount "65"]
[EventDate "2013.??.??"]

1. e4 e5 2. Nf3 Nc6 3. a3 Nf6 4. Nc3 a6 5. Bc4 Bc5 6. O-O O-O 7. b4 Ba7 8. Ne2
Nxe4 9. d3 Nf6 10. c3 d5 11. Ba2 Bg4 12. Bg5 Bxf3 13. gxf3 h6 14. Bh4 Ne7 15.
d4 Qd6 16. Bg3 Nh5 17. Bxe5 Qg6+ 18. Kh1 c6 19. Rg1 Qf5 20. Nf4 g6 21. Bb1 Qd7
22. Nxh5 f5 23. Qd2 Rf7 24. Nf6+ Rxf6 25. Bxf6 Qd6 26. Bxe7 Qxe7 27. Rxg6+ Kf8
28. Qxh6+ Ke8 29. Re6 Kd7 30. Rxe7+ Kxe7 31. Bxf5 Kd8 32. Qg7 Bb6 33. Qd7# 1-0

[Event "Mechanics' Fall TNM; 30/90, SD/30"]
[Site "San Francisco"]
[Date "2013.12.17"]
[Round "9.25"]
[White "Olson, David"]
[Black "Schlosberg, Max"]
[Result "1-0"]
[WhiteElo "1447"]
[BlackElo "1287"]
[PlyCount "113"]
[EventDate "2013.??.??"]

1. e4 e5 2. Bc4 Bc5 3. Nf3 Nc6 4. O-O Nf6 5. a3 d6 6. b4 Bb6 7. Nc3 Bg4 8. h3
Bh5 9. g4 Nxg4 10. hxg4 Bxg4 11. Nd5 Nd4 12. Be2 Nxf3+ 13. Bxf3 Bh3 14. Bg2 Qg5
15. Qf3 Bg4 16. Qg3 h5 17. d4 Qg6 18. Nxb6 axb6 19. f3 Bf5 20. Qxg6 Bxg6 21.
dxe5 dxe5 22. Bb2 f6 23. Rad1 Ke7 24. Bh3 Rad8 25. c4 Rxd1 26. Rxd1 Rd8 27.
Rxd8 Kxd8 28. Kf2 Ke7 29. Ke3 Kd6 30. Bc8 Bf7 31. Bxb7 Bxc4 32. Bc8 b5 33. f4
exf4+ 34. Kxf4 Be6 35. e5+ Ke7 36. exf6+ gxf6 37. Bb7 Kf7 38. Bc6 Bc4 39. Kf5
Bd3+ 40. Be4 Bxe4+ 41. Kxe4 Ke6 42. Bd4 h4 43. Kf4 f5 44. Kf3 Kf7 45. Kg2 Kg6
46. Kh3 Kg5 47. Bf2 Kf4 48. Kxh4 Kf3 49. Bc5 f4 50. Kg5 Kg3 51. Kf5 f3 52. Ke5
f2 53. Bxf2+ Kxf2 54. Kd5 Ke3 55. Kc6 Ke4 56. Kxb5 Kd5 57. a4 1-0

[Event "Mechanics' Summer TNM; 30/90, SD/30"]
[Site "San Francisco"]
[Date "2013.06.25"]
[Round "5.27"]
[White "Olson, David"]
[Black "Simpkins, Jerry"]
[Result "0-1"]
[WhiteElo "1519"]
[BlackElo "1441"]
[PlyCount "64"]
[EventDate "2013.??.??"]

1. e4 e5 2. Bc4 Nf6 3. d3 Nc6 4. a3 d5 5. exd5 Nxd5 6. Ne2 Be6 7. Nd2 Bc5 8.
Ne4 Bb6 9. Ng5 O-O 10. O-O Bg4 11. Kh1 h6 12. Ne4 Bxe2 13. Qxe2 Nd4 14. Qd1 c6
15. c3 Ne6 16. Qh5 Bc7 17. Bd2 Ndf4 18. Qd1 Nxd3 19. Bxh6 Nxb2 20. Qb3 Nxc4 21.
Rad1 Qe7 22. Bc1 Nb6 23. Rd3 Rab8 24. Rg3 Nd5 25. c4 Ndf4 26. Qf3 Nd4 27. Qe3
Nf5 28. Qf3 Nxg3+ 29. fxg3 Ne6 30. Qg4 f5 31. Rxf5 Rxf5 32. Qxf5 Rf8 0-1

[Event "Mechanics' Summer TNM; 30/90, SD/30"]
[Site "San Francisco"]
[Date "2013.07.16"]
[Round "8.30"]
[White "Olson, David"]
[Black "Touset, Stephen"]
[Result "1-0"]
[WhiteElo "1519"]
[BlackElo "1005"]
[PlyCount "51"]
[EventDate "2013.??.??"]

1. e4 d6 2. Bc4 Nf6 3. d3 g6 4. Ne2 Bg7 5. Nbc3 c6 6. O-O O-O 7. Bd2 b5 8. Bb3
Na6 9. a3 Nc5 10. Ba2 a5 11. b4 axb4 12. axb4 Na4 13. Qc1 Nxc3 14. Nxc3 Bd7 15.
f4 Qb6+ 16. Be3 c5 17. bxc5 dxc5 18. e5 Ng4 19. Ne4 Rfc8 20. Qd2 Bf5 21. Ng5 e6
22. h3 Nxe5 23. g4 Nf3+ 24. Nxf3 Bxa1 25. Rxa1 Qc6 26. Ne5 1-0

[Event "Mechanics' Winter TNM; 30/90, SD/30"]
[Site "San Francisco"]
[Date "2013.01.08"]
[Round "1.11"]
[White "Ortega, Bill"]
[Black "Campers, Willie"]
[Result "0-1"]
[WhiteElo "2068"]
[BlackElo "1601"]
[PlyCount "66"]
[EventDate "2013.??.??"]

1. e4 e6 2. d4 d5 3. e5 c5 4. Nf3 Nc6 5. Bd3 Qb6 6. a3 a5 7. Nbd2 Nge7 8. O-O
cxd4 9. Re1 a4 10. Nf1 Ng6 11. Ng3 Be7 12. Nh5 O-O 13. Qd2 Qd8 14. Nxg7 Kxg7
15. Qh6+ Kg8 16. Ng5 Bxg5 17. Bxg5 f6 18. Bxg6 hxg6 19. Qxg6+ Kh8 20. exf6 Qc7
21. Bh6 Rg8 22. Qh5 Qh7 23. Rad1 Rg6 24. Bg7+ Rxg7 25. fxg7+ Kxg7 26. Qg5+ Qg6
27. Qd2 e5 28. c3 Bg4 29. Rc1 d3 30. Re3 e4 31. h3 Bf3 32. g3 Ne5 33. Qe1 Rh8
0-1

[Event "Mechanics' Winter TNM; 30/90, SD/30"]
[Site "San Francisco"]
[Date "2013.02.26"]
[Round "8.3"]
[White "Ortega, Bill"]
[Black "Goins, Demetrius"]
[Result "1/2-1/2"]
[WhiteElo "2068"]
[BlackElo "2131"]
[PlyCount "49"]
[EventDate "2013.??.??"]

1. e4 c5 2. Nc3 Nc6 3. f4 g6 4. Nf3 Bg7 5. Bb5 Nd4 6. O-O Nxb5 7. Nxb5 d5 8.
exd5 a6 9. Nc3 Nf6 10. d4 Nxd5 11. dxc5 Nxc3 12. Qxd8+ Kxd8 13. bxc3 Bxc3 14.
Rb1 Kc7 15. Rb3 Bf6 16. Bd2 Be6 17. Rb6 a5 18. Rfb1 Bd5 19. R6b5 Bc6 20. Rxa5
Kd7 21. a3 Rxa5 22. Bxa5 Ra8 23. Bb4 Ke6 24. Kf2 h6 25. g4 1/2-1/2

[Event "Mechanics' Winter TNM; 30/90, SD/30"]
[Site "San Francisco"]
[Date "2013.02.05"]
[Round "5.5"]
[White "Ortega, Bill"]
[Black "Grey, Peter"]
[Result "1/2-1/2"]
[WhiteElo "2068"]
[BlackElo "2011"]
[PlyCount "65"]
[EventDate "2013.??.??"]

1. e4 e5 2. Nf3 Nc6 3. d4 exd4 4. Bc4 Nf6 5. e5 Ng4 6. Qe2 Qe7 7. Bf4 d6 8.
exd6 Qxe2+ 9. Bxe2 Bxd6 10. Bxd6 cxd6 11. Na3 a6 12. Nc4 Ke7 13. Nb6 Rb8 14. h3
Nge5 15. O-O-O d3 16. Nd5+ Kd8 17. Bxd3 Nxf3 18. gxf3 Be6 19. Nc3 Kc7 20. f4 g6
21. h4 Ne7 22. h5 Nd5 23. Ne2 Bg4 24. hxg6 hxg6 25. Rxh8 Rxh8 26. Be4 Bxe2 27.
Rxd5 Bc4 28. Rd4 Be6 29. Kd2 Bd7 30. Ke3 Bc6 31. f3 Re8 32. Kd3 f5 33. Bd5
1/2-1/2

[Event "Mechanics' Summer TNM; 30/90, SD/30"]
[Site "San Francisco"]
[Date "2013.06.04"]
[Round "2.8"]
[White "Ortega, Bill"]
[Black "Luke, Gary"]
[Result "1-0"]
[WhiteElo "2070"]
[BlackElo "1808"]
[PlyCount "67"]
[EventDate "2013.??.??"]

1. e4 e5 2. Nf3 Nc6 3. d4 exd4 4. Bc4 Be7 5. c3 d6 6. Qb3 Bf6 7. Bxf7+ Kf8 8.
O-O dxc3 9. Nxc3 Na5 10. Qa4 Kxf7 11. Qxa5 b6 12. Ng5+ Bxg5 13. Bxg5 bxa5 14.
Bxd8 Ba6 15. Bxc7 Bxf1 16. Kxf1 Ke6 17. Rd1 Nf6 18. Rxd6+ Ke7 19. e5 Ne8 20.
Nd5+ Kf7 21. e6+ Kg6 22. Rd7 Nxc7 23. Nxc7 Rad8 24. Rxd8 Rxd8 25. e7 Re8 26.
Nxe8 Kf7 27. Nd6+ Kxe7 28. Nc8+ Kd7 29. Nxa7 Kd6 30. Nb5+ Kc5 31. Nc3 Kb4 32.
Ke2 a4 33. Kd2 a3 34. b3 1-0

[Event "Mechanics' Winter TNM; 30/90, SD/30"]
[Site "San Francisco"]
[Date "2013.01.22"]
[Round "3.13"]
[White "Ortega, Bill"]
[Black "Newey, Richard"]
[Result "1-0"]
[WhiteElo "2068"]
[BlackElo "1673"]
[PlyCount "36"]
[EventDate "2013.??.??"]

1. e4 c5 2. Nc3 d6 3. f4 Nc6 4. Nf3 g6 5. Bb5 a6 6. Bxc6+ bxc6 7. h3 Bg7 8. d3
Qb6 9. O-O e6 10. Na4 Qa7 11. c4 Rb8 12. Rb1 Ne7 13. b3 O-O 14. Ba3 Rd8 15. e5
Nf5 16. Qe1 Rb4 17. g4 Ne7 18. Qf2 d5 1-0

[Event "Mechanics' Winter TNM; 30/90, SD/30"]
[Site "San Francisco"]
[Date "2013.02.05"]
[Round "5.35"]
[White "Otterbach, Renate"]
[Black "Bachseitz, Martin"]
[Result "0-1"]
[WhiteElo "807"]
[BlackElo "1601"]
[PlyCount "66"]
[EventDate "2013.??.??"]

1. d4 Nf6 2. b3 g6 3. Bb2 Bg7 4. Nd2 O-O 5. e3 d6 6. Bd3 c5 7. Ne2 b6 8. a4 Bb7
9. f3 Re8 10. O-O e5 11. e4 exd4 12. Qb1 d5 13. b4 c4 14. Nxc4 dxc4 15. Bxc4
Nc6 16. Qa2 Qc7 17. Rad1 Nxb4 18. Qb3 Nc6 19. Rd3 Na5 20. Bxf7+ Qxf7 21. Qb4
Ba6 22. Rd2 Bf8 23. Qxd4 Bc5 24. Rfd1 Bxe2 25. Rxe2 Bxd4+ 26. Rxd4 Rad8 27.
Rxd8 Rxd8 28. e5 Qe7 29. f4 Qc5+ 30. Kf1 Rd1+ 31. Re1 Ng4 32. Ke2 Qe3+ 33. Kxd1
Nf2# 0-1

[Event "Mechanics' Neil Falconer TNM; 30/90, SD"]
[Site "San Francisco"]
[Date "2013.09.17"]
[Round "7.28"]
[White "Otterbach, Renate"]
[Black "Bayaraa, Chinguun"]
[Result "0-1"]
[WhiteElo "968"]
[BlackElo "1729"]
[PlyCount "44"]
[EventDate "2013.??.??"]

1. d4 d5 2. Nf3 e6 3. b3 Nf6 4. Bb2 Be7 5. e3 Nbd7 6. Bd3 O-O 7. Nbd2 c5 8. O-O
b6 9. a4 Bb7 10. Re1 Rc8 11. e4 dxe4 12. Nxe4 cxd4 13. c3 dxc3 14. Nxc3 Nc5 15.
Re3 Ng4 16. Qe2 Nxe3 17. Qxe3 Qxd3 18. Qe5 Bf6 19. Qg3 Bxc3 20. Bxc3 Qxc3 21.
Re1 Bxf3 22. gxf3 Qxe1+ 0-1

[Event "Mechanics' Summer TNM; 30/90, SD/30"]
[Site "San Francisco"]
[Date "2013.06.18"]
[Round "4.42"]
[White "Otterbach, Renate"]
[Black "Brown, Nicholas"]
[Result "0-1"]
[WhiteElo "948"]
[BlackElo "1570"]
[PlyCount "88"]
[EventDate "2013.??.??"]

1. d4 d5 2. Nf3 e6 3. e3 c5 4. b3 Nf6 5. Nbd2 Bd6 6. Bd3 Nc6 7. Bb2 b6 8. Ne5
Bxe5 9. dxe5 Nd7 10. f4 Bb7 11. a3 Qc7 12. c4 Ne7 13. Qg4 g6 14. O-O O-O-O 15.
Rac1 Kb8 16. Bc3 Nf8 17. b4 Nf5 18. Qe2 dxc4 19. Be4 b5 20. bxc5 Qxc5 21. Bb4
Qxe3+ 22. Qxe3 Nxe3 23. Bd6+ Ka8 24. Bc2 Nxf1 25. Rxf1 f5 26. Nf3 a6 27. h4 h6
28. Rb1 Bxf3 29. gxf3 Nd7 30. a4 bxa4 31. Bxa4 Nb8 32. Rc1 Rc8 33. Rb1 Rh7 34.
Rxb8+ Rxb8 35. Bc6+ Ka7 36. Bc5+ Rb6 37. Kf2 Rc7 38. Bxb6+ Kxb6 39. Be8 c3 40.
Bxg6 c2 41. Bf7 c1=Q 42. Bxe6 Qxf4 43. Kg2 Rc2+ 44. Kh3 Qh2# 0-1

[Event "Mechanics' Summer TNM; 30/90, SD/30"]
[Site "San Francisco"]
[Date "2013.06.04"]
[Round "2.37"]
[White "Otterbach, Renate"]
[Black "Cowgill, Jackie"]
[Result "0-1"]
[WhiteElo "948"]
[BlackElo "964"]
[PlyCount "82"]
[EventDate "2013.??.??"]

1. d4 d5 2. Nf3 Nf6 3. e3 c5 4. b3 e6 5. Bb2 Nbd7 6. Nbd2 a6 7. c4 Be7 8. Bd3
O-O 9. O-O Re8 10. Re1 b6 11. e4 dxe4 12. Nxe4 Nxe4 13. Rxe4 Nf6 14. Rh4 Rb8
15. Qc2 g6 16. Re1 Bb7 17. Ne5 Nd7 18. Rf4 f5 19. Nxg6 hxg6 20. Rxe6 Bf6 21. d5
Bxb2 22. Rxg6+ Kf7 23. Rxf5+ Bf6 24. g4 Rg8 25. Rf4 Qc7 26. Qd2 Rxg6 27. Qe3
Rg5 28. f3 Re8 29. Qd2 Bc8 30. h4 Rg7 31. Kf2 Ne5 32. Rxf6+ Kxf6 33. Qc3 Kf7
34. Be4 Ng6 35. Qd3 Qh2+ 36. Ke3 Qg1+ 37. Kd2 Qf2+ 38. Kd1 Nf4 39. Qc2 Qf1+ 40.
Kd2 Qf2+ 41. Kc3 Qd4# 0-1

[Event "Mechanics' Spring TNM; 30/90, SD/30"]
[Site "San Francisco"]
[Date "2013.03.19"]
[Round "1.14"]
[White "Otterbach, Renate"]
[Black "Donnelly, Patrick"]
[Result "0-1"]
[WhiteElo "899"]
[BlackElo "1643"]
[PlyCount "48"]
[EventDate "2013.??.??"]

1. d4 Nf6 2. Nf3 e6 3. e3 d5 4. Bd3 c5 5. c3 Nc6 6. Nbd2 cxd4 7. cxd4 Bd6 8.
O-O O-O 9. b3 e5 10. Bb2 e4 11. Bc2 exf3 12. Nxf3 Bg4 13. h3 Bh5 14. g3 Qc7 15.
Kh1 Ne4 16. Bd3 Bxg3 17. fxg3 Nxg3+ 18. Kg2 Nxf1 19. Qxf1 Rfe8 20. Re1 Rac8 21.
Qf2 Qd6 22. Be2 Nb4 23. Qg3 Bxf3+ 24. Bxf3 Rc2+ 0-1